000 00867cam a2200229 4500
001 WB3706-30
008 000000n2001 000 0 eng u
035 _a(Sirsi) u110801
245 _aRural strategy
260 _c2001
490 _aCountryside Focus
_v(12) February/March 2001, 1(1)
520 _aThe Countryside Agency's new strategy, "Towards tomorrow's countryside", aims to enhance the quality of the countryside and peoples lives by empowering rural communities, and will push forward the issues raised in the Rural White Paper. Lists the eight key areas comprising the Agency's strategy.
590 _aWB
650 _aRURAL WHITE PAPER
650 _aRURAL ISSUES
650 _aENVIRONMENTAL SUSTAINABILITY
650 _aRURAL ECONOMY
650 _aRURAL REGENERATION
650 _aCOUNTRYSIDE AGENCY
690 _aRural
_96268
942 _n0
999 _c66051
_d66051